1539 1847 1070 1047 1558 1454 1274 1863 1388 1642 1027 1510 1271 1046 1758 1197 1363 1839 1074 1028 1019 1642 1488 1289 1843 1936 1982 1891 1246 1424 1709 1300 1664 1507 1025 1370 1016 1339 1515 1380 1559 1226 1762 1794 1054 1012 1839 1837 1451 1240 1878 1521 1622 1398 1488 1494 1095 1587 1839 1867 1599 1657 1191 1940 1837 1119 1790 1609 1500 1549 1786 1034 1764 1740 1002 1496 1485 1037 1647 1318 1156 1197 1077 1358 1813 1566 1951 1481 1221 1317 1826 1825 1967 1987 1840 1095 1742 1943 1098 BCNSPRNW ULIB Ver.6.0+V

เปลี่ยนเป็นภาษาไทย

Change to English
 แสดงรายละเอียดบรรณานุกรม
  กลับหน้าหลัก

Brief Record : Get Marc (ISO 2709) : E-mail record : QR code < ปิดหน้าต่าง
LEADER : 00000nam 2200000uu 4500
001    13399120460
003     ULIB
008    120920s2546||||th 000 0 tha d
020    ^a9749144066
060 04 ^aWB205^bอ242ก 2546
245 00 ^aการซักประวัติและตรวจร่างกาย =^bIntroduction to clinicalmedicine /^c[บรรณาธิการ] อภิชัย ลีละสิริ ... [และคนอื่นๆ]
246 31 ^aIntroduction to clinical medicine
250    ^aพิมพ์ครั้งที่ 2
260    ^aกรุงเทพฯ :^bโครงการตำรา วิทยาลัยแพทยศาสตร์พระมงกุฏเกล้า,^c2546
300    ^aviii, 273 หน้า :^bภาพประกอบ ;^c26 ซม.
440  0 ^aโครงการตำรา วพม. ;^vเล่มที่ 1/2544
650  7 ^aการตรวจร่างกาย
650  7 ^aการซักประวัติผู้ป่วย
700 0  ^aอภิชัย ลีละศิริ,^eบรรณาธิการ
710 2  ^aวิทยาลัยแพทยศาสตร์พระมงกุฏเกล้า. ^bโครงการตำรา
945    ^p300^l0^i24440
945    ^p300^l0^i14526
945    ^p300^l0^i14527
995    ^aกัณชพร
999 ^a ใช้งานได้ทุกระบบ
รายการนี้ยังไม่มีแท็ก
คุณยังไม่ได้ล็อกอิน คุณสามารถมีกิจกรรมร่วมกับเว็บไซต์ได้ แต่ต้องล็อกอินก่อน ::
  ล็อกอิน

รายการสื่อสารสนเทศ

ลำดับที่ ประเภท เลขเรียก/บาร์โค้ด สถานที่ สถานะ
1. วิทยาศาสตร์การแพทย์ และสุขภาพ
วิทยาศาสตร์การแพทย์ และสุขภาพ
WB205 อ242ก 2546  
  Barcode: 24440
ห้องสมุดวิทยาเขตนครสวรรค์
►ส่วนจัดเก็บหนังสือเก่า นว.
บนชั้น
  ขอยืม

รายการใกล้เคียง
    หัวเรื่อง [การตรวจร่างกาย]
    หัวเรื่อง [การซักประวัติผู้ป่วย]

BibComment


ยังไม่เคยถูกคอมเมนท์

คอมเมนท์ทรัพยากรรายการนี้
  คอมเมนท์: การซักประวัติและ..


 Copyright 2026. Bcnsprnw @Library